Letras del continente mestizo
Guardado en:
| Autor principal: | |
|---|---|
| Formato: | Libro |
| Lenguaje: | Undetermined |
| Publicado: |
Montevideo, Uruguay
Arca Editorial S.R.L.
1974
|
| Edición: | 3 |
| Materias: | |
| Etiquetas: |
Agregar Etiqueta
Sin Etiquetas, Sea el primero en etiquetar este registro!
|
MARC
| LEADER | 00000nam a2200000Ia 4500 | ||
|---|---|---|---|
| 008 | 170316s9999 xx 000 0 und d | ||
| 040 | |a cru BVZT | ||
| 090 | |a 860 B-23L | ||
| 100 | |a Benedetti, Mario |9 1248 | ||
| 245 | |a Letras del continente mestizo |c / Mario Benedetti | ||
| 250 | |a 3 | ||
| 260 | |a Montevideo, Uruguay |b Arca Editorial S.R.L. |c 1974 | ||
| 300 | |a [s.páginas] | ||
| 650 | |a LITERATURA LATINOAMERICANA |9 15 | ||
| 999 | |c 8403 |d 8403 | ||
| 942 | |c 15 D |h 860 B-23L |2 z | ||
